Introduction to counselling skills : (Record no. 255376)
[ view plain ]
| 000 -LEADER | |
|---|---|
| fixed length control field | 02444cam a2200373 a 4500 |
| 001 - CONTROL NUMBER | |
| control field | 17091603 |
| 003 - CONTROL NUMBER IDENTIFIER | |
| control field | OSt |
| 005 - DATE AND TIME OF LATEST TRANSACTION | |
| control field | 20220930142529.0 |
| 008 - FIXED-LENGTH DATA ELEMENTS--GENERAL INFORMATION | |
| fixed length control field | 111221s2013 caua b 001 0 eng d |
| 010 ## - LIBRARY OF CONGRESS CONTROL NUMBER | |
| LC control number | 2011945844 |
| 015 ## - NATIONAL BIBLIOGRAPHY NUMBER | |
| National bibliography number | GBB270677 |
| Source | bnb |
| 016 7# - NATIONAL BIBLIOGRAPHIC AGENCY CONTROL NUMBER | |
| Record control number | 016127102 |
| Source | Uk |
| 020 ## - INTERNATIONAL STANDARD BOOK NUMBER | |
| International Standard Book Number | 9781446210604 (pbk.) |
| 035 ## - SYSTEM CONTROL NUMBER | |
| System control number | (OCoLC)ocn801605115 |
| 040 ## - CATALOGING SOURCE | |
| Original cataloging agency | UKMGB |
| Language of cataloging | eng |
| Transcribing agency | UKMGB |
| Modifying agency | OCLCO |
| -- | YDXCP |
| -- | CDX |
| -- | SINIE |
| -- | BWX |
| -- | PHADU |
| -- | NHA |
| -- | MOU |
| -- | DLC |
| 042 ## - AUTHENTICATION CODE | |
| Authentication code | lccopycat |
| 050 00 - LIBRARY OF CONGRESS CALL NUMBER | |
| Classification number | BF637.C6 |
| Item number | N435 2013 |
| 082 04 - DEWEY DECIMAL CLASSIFICATION NUMBER | |
| Classification number | 361.06 |
| Edition number | 23 |
| 100 1# - MAIN ENTRY--PERSONAL NAME | |
| Personal name | Nelson-Jones, Richard. |
| 245 10 - TITLE STATEMENT | |
| Title | Introduction to counselling skills : |
| Remainder of title | texts and activities / |
| Statement of responsibility, etc | Richard Nelson-Jones. |
| 246 30 - VARYING FORM OF TITLE | |
| Title proper/short title | Counselling skills |
| Title proper/short title | Introduction to counseling skills : |
| Remainder of title | texts and activities |
| Title proper/short title | Counseling skills |
| 250 ## - EDITION STATEMENT | |
| Edition statement | 4th ed. |
| 260 ## - PUBLICATION, DISTRIBUTION, ETC. (IMPRINT) | |
| Place of publication, distribution, etc | Los Angeles, Calif. ; |
| -- | London : |
| Name of publisher, distributor, etc | SAGE, |
| Date of publication, distribution, etc | 2013. |
| 300 ## - PHYSICAL DESCRIPTION | |
| Extent | xii, 330 p. : |
| Other physical details | ill. ; |
| Dimensions | 25 cm. |
| 500 ## - GENERAL NOTE | |
| General note | Previous ed.: 2009. |
| 504 ## - BIBLIOGRAPHY, ETC. NOTE | |
| Bibliography, etc | Includes bibliographical references (p. [319]-324) and indexes. |
| 505 0# - FORMATTED CONTENTS NOTE | |
| Formatted contents note | Introduction. Who are counsellors and helpers? -- Creating communication skills and feelings -- Creating mind skills -- The counselling and helping process -- Counselling and helping relationships -- The relating stage. Understanding the internal frame of reference -- Showing attention and interest -- Reflecting feelings -- Starting the counselling and helping process -- Managing resistance and making referrals -- The understanding stage. Assessing feelings and physical reactions -- Assessing thinking -- Assessing communication and actions -- Challenges, feedback and self-disclosure -- Monitoring, summarizing and identifying skills -- The changing stage. Helping to solve problems -- Coaching skills : speaking, demonstrating and rehearsing -- Improving communication and actions -- Improving thinking -- Negotiating homework -- Conducting middle sessions -- Terminating counselling and helping -- Further considerations. Relaxation interventions -- Managing crises -- Multicultural and gender aware counselling and helping -- Ethical issues and dilemmas -- Training groups, supervision and support -- Using technology in counselling / Jane Evans -- Becoming more skilled and human. |
| 650 #0 - SUBJECT ADDED ENTRY--TOPICAL TERM | |
| Topical term or geographic name as entry element | Counseling. |
| 906 ## - LOCAL DATA ELEMENT F, LDF (RLIN) | |
| a | 7 |
| b | cbc |
| c | copycat |
| d | 2 |
| e | ncip |
| f | 20 |
| g | y-gencatlg |
| 942 ## - ADDED ENTRY ELEMENTS (KOHA) | |
| Source of classification or shelving scheme | Library of Congress Classification |
| Koha item type | Long Loan Books |
| Withdrawn status | Lost status | Source of classification or shelving scheme | Damaged status | Not for loan | Home library | Current library | Shelving location | Date acquired | Total Checkouts | Full call number | Barcode | Date last seen | Price effective from | Koha item type |
|---|---|---|---|---|---|---|---|---|---|---|---|---|---|---|
| Library of Congress Classification | Rongo University Library | Rongo University Library | General Stacks | 07/02/2017 | BF637.C6 N435 2013 | 20142539 | 07/02/2017 | 07/02/2017 | Long Loan Books |
